000 00227nam a22000857a 4500
008 240416b |||||||| |||| 00| 0 eng d
020 _a9789355558800
100 _aMTG LEANING MEDIA P LTS
_97769
245 _aBIOLOGY CLASS XI-XII NEET
999 _c12569
_d12569